| 000 | 00569nam a2200145Ia 4500 | ||
|---|---|---|---|
| 008 | 170221s9999 xx 000 0 und d | ||
| 100 | _aKabir Shamsudeen | ||
| 245 | _aEntrepreneurial Success within the Process of Opportunity Recognition and Exploitation: An expansion of Entrepreneurial Opportunity Recognition Model | ||
| 245 | _cKabir Shamsudeen, Ooi Yeng Keat, Hazlinda Hassan | ||
| 260 | _bInternational Review of Management and Marketing | ||
| 260 | _c2017 | ||
| 300 | _a7 : 1 | ||
| 650 | _xMarketing. | ||
| 856 | _uhttp://www.econjournals.com/index.php/irmm | ||
| 999 |
_c308013 _d308013 |
||